| 000 | 00592nam a2200217Ia 4500 | ||
|---|---|---|---|
| 005 | 20260429112124.0 | ||
| 008 | 260429s9999||||xx |||||||||||||| ||und|| | ||
| 020 | _a9789388305822 | ||
| 041 | _aEnglish | ||
| 082 |
_a016.3092 _bYER |
||
| 100 | _aYerramilli, Anjaneyulu | ||
| 245 | 0 |
_aEnvironmental impact assessment methodologies / _cAnjaneyulu Yerramilli |
|
| 250 | _a3rd ed. | ||
| 260 |
_aHyderabad : _bBs Publications, _c2025. |
||
| 300 | _axxi, 565 p.; pbk | ||
| 650 | _a Assessment | ||
| 650 | _a Methods | ||
| 650 | _aEnvironment | ||
| 700 | _a Manickam, Valli | ||
| 942 | _cTB | ||
| 999 |
_c52463 _d52463 |
||